02194cam a22003974i 4500003000900000005001700009008004100026035002000067040003300087100004600120245021500166264001000381300002100391336002100412337002500433338002300458502005900481504002500540520097200565526001001537526001001547526000901557526000901566526000901575526000901584526000901593526000901602526000901611526000801620526000801628526000801636526000801644526000801652650008801660700004801748PE-LiUPU20250731165405.0151012s2015 pe grm 000 0 spa d a(Sirsi) a154801 aPE-LiUPUbspacPE-LiUPUerda1 aGonzales Lopez, Katherine Milagroseautor1 aNivel de conocimiento sobre la hipertensión arterial y la adherencia terapéutica en los pacientes del Centro de Atención Primaria III de Huaycán, Lima, Perú, 2014 /cKatherine Milagros Gonzales Lopez. 0c2015. a99 hojas;c30 cm atext2rdacontent aunmediated2rdamedia avolume2rdacarrier aTesisb(Lic.) -- cUniversidad Peruana Unión,d2015. aIncluye referencias3 aEl objetivo de la investigación fue determinar la relación entre el nivel de conocimientos sobre la hipoertensión arterial y la adherencia terapéutica en los pacientes del Centro de Atención Primaria III de Huaycán. Fue un estudio de enfoque cuantitativo, de diseño no experimental, de alcance correlacional y de corte transversal. Se tuvo una muestra no probabilística por conveniencia, conformada por 196 pacientes. Los instrumentos que se utilizaron fueron: el "cuestionario de conocimientos sobre la hipertensión (CSH)" y el "cuestionario de evaluación de la adherencia terapéutica (CEAT)". Los resultados que se hallaron fueron que el 57.1% de los participantes poseen un nivel regular de conocimientos y el 52% un nivel medio de adherencia terapéutica. En conclusión, el nivel de conocimientos se encuentra relacionado con la adherencia terapéutica, se halló (p-valor <0.05) a través de la prueba estadística Tau B. De Kendall. aSEG44 aSEG26 aP151 aP150 aP149 aP146 aP145 aP126 aP125 aP92 aP75 aP74 aP27 aP1504aCentro de Atención Primaria III de HuaycánxPacientesxHipertensión arterial.1 aFrancia Camac, Araceli María Elenaeautor